| 000 | 00570nam a2200181 i 4500 | ||
|---|---|---|---|
| 001 | 120486 | ||
| 003 | ES-MaACL | ||
| 005 | 20250921063031.0 | ||
| 007 | t| | ||
| 008 | 070214s1921 fr r ||||1| fre d | ||
| 100 | 1 |
_aPitollet, Camille, _d1874-1964 _992417 |
|
| 245 | 1 | 0 |
_aV. Blasco Ibáñez _b: ses romans et le roman de sa vie / _cCamille Pitollet. |
| 260 |
_aParis : _bCalmann-Lévy, _c1921. |
||
| 300 |
_a323 p. : _bil. ; _c19 x 12 cm. |
||
| 600 | 1 | 4 |
_aBlasco Ibáñez, Vicente, _d1867-1928 _929388 |
| 852 |
_aES-MaACL _jF-2550 |
||
| 999 |
_c120486 _d120486 |
||